| 000 | 00969nam a2200253 i 4500 | ||
|---|---|---|---|
| 001 | 13650 | ||
| 003 | ES-MaACL | ||
| 005 | 20230906150631.0 | ||
| 007 | t| | ||
| 008 | 970812s1996 sp ||||0| spa j | ||
| 020 | _a84-451-1168-X | ||
| 040 |
_aM-BN _bspa _cM-BN |
||
| 080 | _a352(460) | ||
| 245 | 0 | 0 |
_aEn torno al municipio / _cpresentación, Alberto Ruiz Gallardón ; coordinación, Fernando Alonso Barahona ; Fernando Alonso Barahona ... [et al.]. |
| 260 |
_aMadrid : _bComunidad de Madrid, Servicio de Administración Local, _c[1996] |
||
| 300 |
_a203 p. ; _c24 cm. |
||
| 490 | 1 |
_aLibros de administración local ; _v3 |
|
| 650 | 1 | 4 |
_aAdministración municipal- _zEspaña. _99642 |
| 700 | 1 |
_aAlonso Barahona, Fernando. _920259 |
|
| 710 | 1 |
_aMadrid (Comunidad Autónoma). _bDirección General de Administración Local. _95609 |
|
| 830 | 0 |
_aLibros de administración local ; _v3 _9228317 |
|
| 852 |
_aES-MaACL _jL-21051 _bR.125542 |
||
| 999 |
_c13650 _d13650 |
||